=LDR 00000nam 2200000 4500 =001 NUTBA000000000003756 =005 20140826122324.0 =006 =007 =008 =020 ##$$a 978-602-986-422-9 =035 ##$$a 0010-081400000000601 =040 ##$$a NBPDMAT =082 ##$$a 372.7 =084 ##$$a 372.7 Jan k =090 ##$$a 372.7 $b Jan k =100 ##$$a Janu Ismadi =245 ##$$a Kamus Modern Matematika Bergambar / $c Janu Ismadi; penyunting, Bima mandar =260 ##$$a Banten : $b Kenanga Pustaka Indonesia, $c 2011 =300 ##$$a 2 jil. ; $c 24 cm. =500 ##$$a Bibliografi : hlm. 48-49 =650 ##$$a Matematika-SD =700 ##$$a Bima mandar =850 ##$$a NBPDMAT =990 ##$$a 21405157